000 00327pab a2200145 454500
008 180718b1988 xxu||||| |||| 00| 0 eng d
100 _aChitta Ranjan, C.N.
245 _aMedia
_bFraud crusaders
260 _c1988
300 _a11-14
362 _a9 Jan.
650 _aPress - India
773 _aMainstream
909 _a16017
999 _c16017
_d16017